Popular master guide : (Record no. 135663)

MARC details
000 -LEADER
fixed length control field 00746nam a22002177a 4500
005 - DATE AND TIME OF LATEST TRANSACTION
control field 20170124110248.0
010 ## - LIBRARY OF CONGRESS CONTROL NUMBER
LC control number A-897037
020 ## - INTERNATIONAL STANDARD BOOK NUMBER
Terms of availability 150.00
035 ## - SYSTEM CONTROL NUMBER
System control number A-897037
037 ## - SOURCE OF ACQUISITION
Source of stock number/acquisition Cen Lib/Ret
040 ## - CATALOGING SOURCE
Original cataloging agency DPL
Language of cataloging EN
082 ## - DEWEY DECIMAL CLASSIFICATION NUMBER
Classification number 000
Item number POP
110 ## - MAIN ENTRY--CORPORATE NAME
Corporate name or jurisdiction name as entry element New Delhi.Ranee Publications
9 (RLIN) 97967
245 ## - TITLE STATEMENT
Title Popular master guide :
Remainder of title BSF exam recruitment of assistant sub-inspector (clerks) /
260 ## - PUBLICATION, DISTRIBUTION, ETC. (IMPRINT)
Name of publisher, distributor, etc Ranee Publications
Place of publication, distribution, etc New Delhi
Date of publication, distribution, etc 1999
270 ## - ADDRESS
City New Delhi
Address Post Box No.7154, 12-H, New Daryaganj Road, (Opp.Traffic Kotwali)
Postal code 110002
300 ## - PHYSICAL DESCRIPTION
Extent various pagings
Dimensions 22cm(Hb)
650 ## - SUBJECT ADDED ENTRY--TOPICAL TERM
Topical term or geographic name as entry element Guide -- BSF recruitment
9 (RLIN) 97968
650 ## - SUBJECT ADDED ENTRY--TOPICAL TERM
Topical term or geographic name as entry element Assistant sub-inspector -- guide
9 (RLIN) 97969
942 ## - ADDED ENTRY ELEMENTS (KOHA)
Source of classification or shelving scheme Dewey Decimal Classification
Koha item type English Books
Classification part 000
Call number suffix POP
Holdings
Withdrawn status Lost status Damaged status Not for loan Home library Current library Date acquired Source of acquisition Cost, normal purchase price Total Checkouts Full call number Barcode Date last seen Copy number Cost, replacement price Price effective from Koha item type
        Central Library Central Library 07/10/2015 Cen Lib/Ret 150.00   000 POP A-897037 07/10/2015 1 150.00 07/10/2015 English Books

© Delhi Public Library
Hit Counter
free hit counter